Statistics for Hottest Places on Earth

Click here to take the quiz!

General Stats

  • This quiz has been taken 32 times
  • The average score is 1 of 8

Answer Stats

Answer% Correct
Death Valley
94%
Turbat
13%
Aziziyah
0%
Bandar-e Manshahr
0%
Dasht-e Loot
0%
Ghadames
0%
Kibili
0%
Wadi Halfa
0%

Score Distribution

Percentile by Number Answered

Percent of People with Each Score

Your Score History

You have not taken this quiz